Normal view
MARC view
- National Crushed Stone Association
Entry Personal Name
001 - CONTROL NUMBER
- control field: 20839
003 - CONTROL NUMBER IDENTIFIER
- control field: NUST
005 - DATE AND TIME OF LATEST TRANSACTION
- control field: 20190917162337.0
008 - FIXED-LENGTH DATA ELEMENTS
- fixed length control field: 190917|| aca||aabn | a|a d
040 ## - CATALOGING SOURCE
- Original cataloging agency: NUST
- Transcribing agency: NUST
100 ## - HEADING--PERSONAL NAME
- Personal name: National Crushed Stone Association
670 ## - SOURCE DATA FOUND
- Source citation: Work cat.: (NUST): National Crushed Stone Association, Highways shoulders: the margin of safety /, 1971
